01811cam a22002775i 45000010009000000050017000090080041000260100017000670200030000840200026001140200025001400350013001650400023001780420008002010820012002092450071002212630009002922640060003013000022003613360026003833370028004093380027004375200963004647000036014278560070014632185313220260606150400.0201228s2021 cau 000 0 eng  a 2020952793 a9789353887421q(hardback) z9789353887438q(epub) z9789353887445q(ebk) a21853132 aDLCbengerdacDLC apcc a370.95400aEducation in India :bpolicy and practice /cJandhyala B.G. Tilak. a2101 1aThousand Oaks :bSage Publication India Pvt Ltd,c2021. a1 Online resource atextbtxt2rdacontent aunmediatedbn2rdamedia avolumebnc2rdacarrier a"Education in India: Policy and Practice presents trends in shifting education policies in independent India and how the State, academia and civil society reacted to the changing priorities during the last 50 years. The 20 chapters, authored by eminent scholars and experts, provide valuable insights into complex policy issues at the grassroots as well as macro levels. The book discusses major challenges and concerns such as growth and inequalities, education of women, quality of higher education and research, and making policy reforms for the transformation of the system in such a way that it helps in broader social transformation. The issues analyzed have also been taken up in the editor's introductions, which provide a perspective on their wider social, political and economic implications in detail. This volume is an important reference tool for grappling with the challenges of the new National Education Policy 2020"--cProvided by publisher.1 aTilak, Jandhyala B.G.,eeditor. uhttps://sk.sagepub.com/books/education-in-indiayRead SAGE E-Book